Engineering Thermodynamics (Record no. 424413)
[ view plain ]
| 000 -LEADER | |
|---|---|
| fixed length control field | 00406 a2200157 4500 |
| 003 - CONTROL NUMBER IDENTIFIER | |
| control field | NUST |
| 005 - DATE AND TIME OF LATEST TRANSACTION | |
| control field | 20191216104227.0 |
| 008 - FIXED-LENGTH DATA ELEMENTS--GENERAL INFORMATION | |
| fixed length control field | 191216b ||||| |||| 00| 0 eng d |
| 038 ## - RECORD CONTENT LICENSOR | |
| Staff Name | MSOHAIL |
| 082 ## - DEWEY DECIMAL CLASSIFICATION NUMBER | |
| Classification number | 621.4021 |
| Author Mark | SPA |
| 100 ## - MAIN ENTRY--PERSONAL NAME | |
| Relator code | Brian Spalding, Edward Harry Cole |
| 245 ## - TITLE STATEMENT | |
| Title | Engineering Thermodynamics |
| 260 ## - PUBLICATION, DISTRIBUTION, ETC. | |
| Place of publication, distribution, etc. | London |
| Name of publisher, distributor, etc. | Edward Arnold; |
| Date of publication, distribution, etc. | c1966 |
| 300 ## - PHYSICAL DESCRIPTION | |
| Extent | 443;p;xv |
| 942 ## - ADDED ENTRY ELEMENTS (KOHA) | |
| Institution code [OBSOLETE] | NUST-NIT |
| Source of classification or shelving scheme | |
| Withdrawn status | Lost status | Source of classification or shelving scheme | Damaged status | Not for loan | Permanent Location | Current Location | Date acquired | Total Checkouts | Full call number | Barcode | Date last seen | Price effective from |
|---|---|---|---|---|---|---|---|---|---|---|---|---|
| School of Civil and Environmental Engineering (SCEE) | School of Civil and Environmental Engineering (SCEE) | 12/16/2019 | 621.4021 SPA | NIT-12924 | 12/16/2019 | 12/16/2019 |
